000 00872nam a22002175i 4500
001 164636
003 ES-MaACL
005 20250812045125.0
008 970609s1871 sp |||| | spa d
040 _aAR
_bspa
_cAR
100 1 _aSancho y Gil, Faustino.
_9132400
245 1 3 _aEl Renacimiento
_b: lecciones pronunciadas en el Ateneo Mercantil de Madrid /
_cpor Faustino Sancho y Gil ; (publicadas por aquella Asociación).
260 _aMadrid :
_b[s.n.],
_c1871 (
_fImp. de E. de la Riva)
300 _a277 p. ;
_c20 cm.
650 0 7 _aArte renacentista
_2embne
_910287
710 2 _aAteneo Mercantil de Madrid.
_92049
852 _aES-MaACL
_jD-802
_z-- Rust.
_z.- Legado M. de la Fuente
852 _aES-MaACL
_jT-193-F-5
_z-- Enc. hol.
_z-- Enc. en un vol. facticio
852 _aES-MaACL
_jD-4706(5)
_z.- Encuadernado con otras obras
999 _c164636
_d164636